00462nam a22001457a 450000500170000000800410001702000180005804100120007608200120008810000120010024501080011226000420022030000290026265000250029120240812070525.0240812b |||||||| |||| 00| 0 eng d a9780639001517 aEnglish a349 SOU lEnglish aButterworths Index and Noter-up to the All South African Law Reports and the South African Law Reports  aDurban: bLexisNexis (Pty) Ltd,c2018 bxi, 224 pages; c25 cm.  aLegal practice bLaw